01570nam a2200313 4500001000400000003000400004005001700008008004100025020001500066040000800081041001300089082001700102100003300119240002300152245011000175260003300285300001600318490002100334520072300355650002401078650001901102650001201121650001301133650001001146655000801156700003601164700003501200830002101235313OSt20250325113000.0250325b |||||||j |||| 00| 1 eng d a8501023027 bpor hfreapor a028.5bG676a1 aGoscinny, Renéd1926-1977. aAstérix en corse aAsterix na Córsega /cGoscinny, René ; Desenhos de Uderzo, Albert ; Tradução de Cláudio Vargas aRio de JaneirobRecordc2001 a48 p.bil. 1 aAsterixvvol. 20 aPara celebrarem o aniversário da batalha de Gergóvia, os Gauleses convidam todos os seus amigos e, à laia de aperitivo, decidem dar uma coça aos infelizes legionários do campo fortificado de Babácomrum. É aí que encontram e libertam Ocatarinetabellatchitchix, um chefe de clã corso que está prisioneiro dos Romanos. Ainda mais orgulhoso do que um Gaulês, este último afirma que os Corsos são o "pesadelo dos Romanos". Curiosos por saber como é que os Corsos lidam com a situação, Asterix e Obelix decidem partir para a Ilha da Beleza, para provarem que são os únicos a causar calafrios aos Romanos. E, mais uma vez, são os Romanos que, sem saberem, vão arbitrar a discussão... 0aLiteratura francesa 0aInfantojuvenil 0aVikings 0aAventura 0aHumor 0aHQs1 aUderzo, Albertd1927-eDesenhos aCláudio VargaseTradução aAsterixvvol. 20